| 000 | 01029njm a2200229 i 4500 | ||
|---|---|---|---|
| 001 | 4721 | ||
| 003 | ES-MaACL | ||
| 005 | 20240621063012.0 | ||
| 007 | s|r||||||||||| | ||
| 008 | 070809s1974 sp ||| g ||||||||1|nspa d | ||
| 245 | 0 | 0 |
_aPresentación en rueda de prensa de la conferencia que dará el Sr. Ionesco el día 4 de octubre de 1974 como inaguración del curso 1974-75 _h[Grabación sonora] / _cinterviene Euègene Ionesco. |
| 260 |
_aMadrid : _bAteneo de Madrid, _c1974. |
||
| 300 |
_a1 disco (CD-DA) (50 min. 11 seg.) ; _c12 cm. |
||
| 500 | _aDatos basados en la invitación. | ||
| 518 | _aActo organizado por el Aula de Literatura del Ateneo de Madrid, grabado en el salón de actos el jueves 3 de octubre de 1974. | ||
| 610 | 2 | 4 |
_aAteneo de Madrid- _xActos culturales- _y1974- _vGrabaciones sonoras. _91884 |
| 700 | 1 |
_aIonesco, Eugène, _d1909-1994 _965378 |
|
| 710 | 2 |
_aAteneo de Madrid. _bAula de Literatura. _91943 |
|
| 852 |
_aES-MaACL _jROT 3/4/8 _94838 _cROT |
||
| 942 | _2udc | ||
| 999 |
_c4721 _d4721 |
||